[Event "Surabaya Zindgani Cup op"]
[Site "Surabaya"]
[Date "2018.11.10"]
[Round "6"]
[White "Iqra, Moesa Putra"]
[Black "Fero, Diky Firmansyah"]
[Result "0-1"]
[WhiteElo "2056"]
[BlackElo "1848"]
[PlyCount "78"]
[EventDate "2018.11.07"]
[EventType "swiss"]
[EventRounds "9"]
[EventCountry "INA"]
[SourceTitle "EXT 2020"]
[Source "ChessBase"]
[SourceDate "2019.10.17"]
[SourceVersion "1"]
[SourceVersionDate "2019.10.17"]
[SourceQuality "1"]

1. Nf3 d5 2. c4 e6 3. e3 c6 4. b3 f5 5. Bb2 Nf6 6. Ne5 Bd6 7. Be2 0-0 8. 0-0 Qe7 9. d3 Nbd7 10. f4 c5 11. Bf3 b6 12. Nd2 Bb7 13. Qe2 Qd8 14. Rac1 Rc8 15. h3 Ba8 16. Rfd1 Qe7 17. g3 Bc7 18. Nxd7 Qxd7 19. Qg2 Qf7 20. Be5 Bxe5 21. fxe5 Nd7 22. d4 g5 23. cxd5 exd5 24. Nf1 Rfd8 25. Rc2 cxd4 26. exd4 Nf8 27. Rxc8 Rxc8 28. Ne3 Rd8 29. g4 f4 30. Nf5 Kh8 31. Nd6 Qe6 32. Rc1 Rxd6 33. exd6 Qe3+ 34. Kh2 Qxc1 35. Bxd5 Bxd5 36. Qxd5 Qd2+ 37. Kg1 Qd1+ 38. Kg2 Qe2+ 39. Kg1 f3 0-1

[Event "Surabaya Zindgani Cup op"]
[Site "Surabaya"]
[Date "2018.11.08"]
[Round "2"]
[White "Iqra, Moesa Putra"]
[Black "Suseno, Bimo Aji"]
[Result "1/2-1/2"]
[WhiteElo "2056"]
[BlackElo "1675"]
[PlyCount "99"]
[EventDate "2018.11.07"]
[EventType "swiss"]
[EventRounds "9"]
[EventCountry "INA"]
[SourceTitle "EXT 2020"]
[Source "ChessBase"]
[SourceDate "2019.10.17"]
[SourceVersion "1"]
[SourceVersionDate "2019.10.17"]
[SourceQuality "1"]

1. e4 e6 2. d4 d5 3. e5 c5 4. c3 Nc6 5. Nf3 Qb6 6. Be2 Nge7 7. Na3 cxd4 8. cxd4 Nf5 9. Nc2 Bb4+ 10. Kf1 Be7 11. h4 h5 12. Rb1 a5 13. Bg5 Bd7 14. g3 Nb4 15. Bxe7 Kxe7 16. Nxb4 axb4 17. Ra1 b3 18. a3 Ra4 19. Qd2 f6 20. exf6+ gxf6 21. Rc1 Bc6 22. Rg1 Rg8 23. Rc3 Rg4 24. Qd1 Bb5 25. Bxb5 Qxb5+ 26. Kg2 Nxd4 27. Nxd4 Rgxd4 28. Qxb3 Qxb3 29. Rxb3 Ra7 30. Rc1 Kd6 31. Rb6+ Kd7 32. Re1 Re4 33. Rxe4 dxe4 34. Kf1 f5 35. Ke2 Ke7 36. Ke3 Kf6 37. Kf4 Ra5 38. Rxb7 Rd5 39. Ke3 Rd1 40. Ke2 Rc1 41. Rb5 e5 42. Rb6+ Kf7 43. Rb5 Ke6 44. a4 f4 45. gxf4 exf4 46. a5 Rc2+ 47. Ke1 Kf6 48. b4 Ra2 49. Rxh5 Ra1+ 50. Ke2 1/2-1/2

[Event "Johor op 4th"]
[Site "Johor"]
[Date "2017.12.14"]
[Round "6"]
[White "Iqra, Moesa Putra"]
[Black "Sonjaya, Deni"]
[Result "1-0"]
[WhiteElo "2091"]
[BlackElo "2309"]
[PlyCount "89"]
[EventDate "2017.12.11"]
[EventType "swiss"]
[EventRounds "9"]
[EventCountry "MAS"]
[SourceTitle "EXT 2019"]
[Source "ChessBase"]
[SourceDate "2018.10.10"]
[SourceVersion "1"]
[SourceVersionDate "2018.10.10"]
[SourceQuality "1"]

1. e4 c5 2. Nf3 e6 3. c3 d6 4. d4 Nd7 5. Bd3 a6 6. 0-0 g6 7. Bf4 Qc7 8. Nbd2 Ngf6 9. a4 Nh5 10. Bg5 h6 11. Be3 b6 12. Ne1 e5 13. dxe5 dxe5 14. Nc4 Bb7 15. f3 Rd8 16. g3 Bc6 17. Qc1 Bg7 18. b4 Bf8 19. Qb2 Rb8 20. b5 axb5 21. axb5 Bb7 22. Ng2 Bg7 23. Qd2 Rd8 24. Ra7 Ndf6 25. g4 Qb8 26. Rfa1 Nxg4 27. fxg4 Nf6 28. Qe2 0-0 29. g5 Nxe4 30. gxh6 Bh8 31. Qc2 Nxc3 32. Bxg6 Bf6 33. Bh7+ Kh8 34. Qf2 Be7 35. R7a3 Nxb5 36. Rb3 Bd5 37. Rxb5 Bxc4 38. Bc2 f5 39. Rb2 Rf6 40. Bg5 Rg6 41. Qxf5 Rdg8 42. Ra8 Qxa8 43. Qxe5+ R8g7 44. Bxg6 Qa1+ 45. Bb1 1-0